| 000 | 00487 a2200169 4500 | ||
|---|---|---|---|
| 020 | _a9781568814216 | ||
| 040 |
_aDLC _bDLC |
||
| 082 | 0 | 0 | _a794.81526 |
| 100 | 1 | _aKanalakis, John. | |
| 245 | 1 | 4 |
_aThe complete guide to Torque X _cJohn Kanalakis |
| 260 |
_aWellesley, Mass. : _bA K Peters, _cc2008. |
||
| 300 |
_aviii, 383 p. : _bill. ; _c24 cm. |
||
| 500 | _a"A GarageGames book." | ||
| 500 | _aIncludes index. | ||
| 650 | 0 |
_aComputer games _xProgramming. |
|
| 942 |
_cBK _k794.81526 KAN _2ddc |
||
| 999 |
_c9736 _d9736 |
||